000
00277nam a2200109Ia 4500
005
20251222153557.0
008
251222s9999||||xx |||||||||||||| ||spa||
082
_a
600/B13T/T
100
_a
"Mory Arciniega, Eliana"
245
0
_a
Ensayos sobre ciencia y tecnologĂa
942
_c
LIB
999
_c
31095
_d
31095